Vlastnícke transakcie podľa obchodného zákonníka a ich účtovanie diplomová práca

Na minha lista:
Detalhes bibliográficos
Autor principal: Tupý, Rastislav
Autor Corporativo: Fakulta hospodárskej informatiky EU. Katedra účtovníctva a audítorstva
Outros Autores: Máziková, Katarína
Formato: Livro
Idioma:eslovaco
Publicado em: Bratislava 2009
Tags: Adicionar Tag
Sem tags, seja o primeiro a adicionar uma tag!

MARC

LEADER 00000nam$a2200000$$$4500
001 0097824
005 20240318135024.8
041 0 |a slo 
044 |a SK 
245 1 0 |a Vlastnícke transakcie podľa obchodného zákonníka a ich účtovanie  |b diplomová práca  |c Rastislav Tupý ; škol. Katarína Máziková 
264 1 |a Bratislava  |c 2009 
300 |a 73 s. 
100 1 |a Tupý, Rastislav 
700 1 |a Máziková, Katarína 
710 2 |a Fakulta hospodárskej informatiky EU. Katedra účtovníctva a audítorstva